Страны по Бывшей Валюте - Statistics

General Stats
  • This quiz has been taken 158 times
  • The average score is 8 of 15
Answer Stats
Валюта Страна % Correct
Марка (1948-2002) Германия
96%
Франк (1795-2002) Франция
93%
Лира (1861-2002) Италия
78%
Куруш (1688-1844) Турция
67%
Лат (1993-2014) Латвия
65%
Лит (1993-2014) Литва
60%
Карбованец (1992-1996) Украина
58%
Драхма (1833-2002) Греция
54%
Крузейро (1990-1993) Бразилия
53%
Гульден (XIII в.-2002) Нидерланды
52%
Куна (1994-2023) Хорватия
43%
Хван (1953-1975) Южная Корея
38%
Пенгё (1927-1946) Венгрия
35%
Аустраль (1985-1991) Аргентина
31%
Инти (1985-1989) Перу
22%
No matching quizzes found
Score Distribution
Percent of People with Each Score
Percentile by Number Answered
Your Score History
You have not taken this quiz